[Event "Mauricie op"]
[Site "Trois-Rivieres CAN"]
[Date "2009.03.22"]
[Round "5"]
[White "Libersan, Thierry"]
[Black "Torre, Alex"]
[Result "1/2-1/2"]
[WhiteElo "2117"]
[BlackElo "2221"]
[PlyCount "62"]
[GameId "2160767910223131"]
[EventDate "2009.03.20"]
[EventType "swiss"]
[EventRounds "5"]
[EventCountry "CAN"]
[SourceTitle "hb 2009.04"]

1. e4 e6 2. Qe2 c5 3. Nf3 Nc6 4. g3 g6 5. Bg2 Bg7 6. O-O Nge7 7. d3 O-O 8. c3 b5 9. Be3 d6 10. d4 cxd4 11. Nxd4 Nxd4 12. Bxd4 Rb8 13. Bxa7 Rb7 14. Bd4 Bxd4 15. cxd4 Qb6 16. Rd1 Nc6 17. d5 Nd4 18. Qd3 e5 19. Nd2 Bg4 20. Re1 f5 21. Kh1 Qc7 22. Rec1 Qe7 23. Rab1 Rd7 24. Nb3 Nxb3 25. axb3 Bh5 26. Rc6 Qd8 27. h3 fxe4 28. Qxe4 Rxf2 29. g4 Rf4 30. Qe3 Qh4 31. Rc8+ Kg7 1/2-1/2

[Event "Mauricie op"]
[Site "Trois-Rivieres CAN"]
[Date "2009.03.22"]
[Round "5"]
[White "Mai, Lloyd"]
[Black "Anastasovski, Nikola"]
[Result "1-0"]
[WhiteElo "2115"]
[BlackElo "2091"]
[PlyCount "83"]
[GameId "2160767910223132"]
[EventDate "2009.03.20"]
[EventType "swiss"]
[EventRounds "5"]
[EventCountry "CAN"]
[SourceTitle "EXT 2011"]
[Source "ChessBase"]
[SourceDate "2011.11.26"]
[SourceVersion "1"]
[SourceVersionDate "2011.11.26"]
[SourceQuality "1"]

1. e4 e5 2. Nf3 Nc6 3. Bc4 Nf6 4. d3 Bc5 5. c3 d6 6. h3 h6 7. O-O Bb6 8. Re1 O-O 9. Nbd2 Be6 10. Bxe6 fxe6 11. Nc4 Qe8 12. Nxb6 axb6 13. d4 Nh5 14. dxe5 dxe5 15. g3 Qg6 16. Nh4 Qf6 17. Be3 g6 18. Ng2 Kh7 19. Qe2 Rf7 20. Red1 Raf8 21. Rd2 Qg7 22. Kh2 Nf6 23. f3 Ne8 24. Ne1 g5 25. Rad1 h5 26. Qc4 g4 27. fxg4 hxg4 28. Qxe6 gxh3 29. Qxh3+ Kg8 30. Bh6 Qg6 31. Rd7 Ne7 32. Bxf8 Rh7 33. Bxe7 Rxh3+ 34. Kxh3 Qxe4 35. Ng2 Qf5+ 36. Kh2 Ng7 37. Bh4 Kh7 38. Rxc7 Kh6 39. Rd6+ Kh7 40. Rdd7 Kh8 41. Rxg7 e4 42. Rgf7 1-0

[Event "Mauricie op"]
[Site "Trois-Rivieres CAN"]
[Date "2009.03.22"]
[Round "5"]
[White "Masse, Hugues"]
[Black "Fortier, Marc-Andre"]
[Result "1-0"]
[WhiteElo "2311"]
[BlackElo "2147"]
[PlyCount "89"]
[GameId "2160767910223133"]
[EventDate "2009.03.20"]
[EventType "swiss"]
[EventRounds "5"]
[EventCountry "CAN"]
[SourceTitle "hb 2009.04"]

1. d4 Nf6 2. c4 g6 3. Nc3 Bg7 4. e4 d6 5. Nf3 O-O 6. Be2 e5 7. Be3 Nc6 8. d5 Ne7 9. Nd2 Ne8 10. O-O f5 11. f3 f4 12. Bf2 g5 13. c5 Ng6 14. Nc4 h5 15. cxd6 Nxd6 16. Nxd6 cxd6 17. Rc1 Rf7 18. Nb5 a6 19. Na3 g4 20. fxg4 f3 21. Bxf3 Rxf3 22. Qxf3 Bxg4 23. Qb3 b5 24. Be3 Nf4 25. Kh1 Ne2 26. Rce1 Qh4 27. Bf2 Qg5 28. Qe3 Nf4 29. g3 Nh3 30. Bg1 Qg6 31. Qd3 Rf8 32. Nb1 Bh6 33. Rxf8+ Kxf8 34. Rf1+ Kg8 35. Be3 Bg7 36. Nd2 h4 37. gxh4 Qh5 38. Bb6 Nf4 39. Qg3 Ne2 40. Qf2 Bh3 41. Re1 Nf4 42. Rg1 Kf7 43. Bd8 Ke8 44. Rxg7 Kxd8 45. Qb6+ 1-0

[Event "Mauricie op"]
[Site "Trois-Rivieres CAN"]
[Date "2009.03.22"]
[Round "5"]
[White "Panayotov, Ivo"]
[Black "Bolduc, Steve"]
[Result "1/2-1/2"]
[WhiteElo "1975"]
[BlackElo "2314"]
[PlyCount "109"]
[GameId "2160767910223134"]
[EventDate "2009.03.20"]
[EventType "swiss"]
[EventRounds "5"]
[EventCountry "CAN"]
[SourceTitle "hb 2009.04"]

1. d4 d5 2. c4 dxc4 3. e3 Nf6 4. Nc3 e6 5. Bxc4 c5 6. Nf3 a6 7. a4 Nc6 8. O-O Be7 9. Qe2 O-O 10. Rd1 Qc7 11. dxc5 e5 12. e4 Nd4 13. Nxd4 exd4 14. Nd5 Nxd5 15. Bxd5 Bxc5 16. b4 Bxb4 17. Rxd4 Bd6 18. Rc4 Qe7 19. Bb2 Be6 20. Bxe6 Qxe6 21. Rac1 Rfe8 22. f3 Rad8 23. g3 h5 24. f4 Qg6 25. Qf3 Bb8 26. R1c2 h4 27. Kg2 Qh6 28. Qg4 Kh7 29. Rc8 h3+ 30. Kf3 Qg6 31. Qxg6+ Kxg6 32. Rxd8 Rxd8 33. Kg4 Rd3 34. f5+ Kh7 35. Re2 f6 36. Kxh3 Rb3 37. Kh4 Rb4 38. g4 Be5 39. Bxe5 fxe5 40. a5 Rb5 41. Kg5 Rxa5 42. f6 gxf6+ 43. Kxf6 Rc5 44. g5 a5 45. Rd2 Rc6+ 46. Kxe5 Kg6 47. h4 a4 48. Rb2 b6 49. Kd5 a3 50. Ra2 Rc3 51. e5 b5 52. e6 b4 53. h5+ Kxh5 54. e7 Re3 55. Kc4 1/2-1/2

[Event "Mauricie op"]
[Site "Trois-Rivieres CAN"]
[Date "2009.03.22"]
[Round "5"]
[White "Prahov, Valentin"]
[Black "Lemire-Paquin, Alexandre"]
[Result "1/2-1/2"]
[WhiteElo "2220"]
[BlackElo "2082"]
[PlyCount "95"]
[GameId "2160767910223135"]
[EventDate "2009.03.20"]
[EventType "swiss"]
[EventRounds "5"]
[EventCountry "CAN"]
[SourceTitle "EXT 2011"]
[Source "ChessBase"]
[SourceDate "2011.11.26"]
[SourceVersion "1"]
[SourceVersionDate "2011.11.26"]
[SourceQuality "1"]

1. e4 c5 2. d4 cxd4 3. c3 Nf6 4. e5 Nd5 5. cxd4 e6 6. Nf3 b6 7. Nc3 Nxc3 8. bxc3 Qc7 9. Bd2 Bb7 10. Bd3 d6 11. O-O Nd7 12. Re1 dxe5 13. Nxe5 Nxe5 14. Rxe5 Bd6 15. Rh5 g6 16. Rh4 O-O 17. Qe2 Rac8 18. Rc1 Rfe8 19. Bb5 Bc6 20. Bxc6 Qxc6 21. c4 e5 22. Qe3 Qd7 23. Qh6 f5 24. Qe3 Qf7 25. dxe5 Bxe5 26. Qb3 Bf6 27. Rh3 Re4 28. Kf1 Rcxc4 29. Rxc4 Qxc4+ 30. Qxc4+ Rxc4 31. Ra3 a5 32. Ke2 Be7 33. Rb3 Bc5 34. Be3 Rc2+ 35. Kf3 a4 36. Rb5 Rxa2 37. Bxc5 bxc5 38. Rxc5 a3 39. Ra5 Kg7 40. Ra7+ Kh6 41. h4 Ra1 42. g3 Ra2 43. Ke3 g5 44. hxg5+ Kxg5 45. Rxh7 Rb2 46. Rg7+ Kf6 47. Ra7 a2 48. f3 1/2-1/2

[Event "Mauricie op"]
[Site "Trois-Rivieres CAN"]
[Date "2009.03.22"]
[Round "5"]
[White "Qin, Zi Yi (Joey)"]
[Black "Wilkin, Alain"]
[Result "1/2-1/2"]
[WhiteElo "2226"]
[BlackElo "1965"]
[PlyCount "69"]
[GameId "2160767910223136"]
[EventDate "2009.03.20"]
[EventType "swiss"]
[EventRounds "5"]
[EventCountry "CAN"]
[SourceTitle "hb 2009.04"]

1. e4 c5 2. Nf3 d6 3. d4 cxd4 4. Nxd4 Nf6 5. Nc3 a6 6. Bc4 e6 7. Bb3 Be7 8. f4 Qc7 9. Qf3 Nc6 10. Be3 Bd7 11. f5 Nxd4 12. Bxd4 e5 13. Bf2 Bc6 14. O-O-O b5 15. h4 h5 16. Bd5 Rc8 17. Qe2 Bxd5 18. Nxd5 Nxd5 19. Rxd5 Qc4 20. Qxc4 Rxc4 21. Re1 O-O 22. b3 Rc6 23. Kb2 Rfc8 24. Re2 Kf8 25. g3 Ke8 26. Be1 g6 27. fxg6 fxg6 28. Bb4 Kd7 29. Rf2 Ke6 30. Rd3 Rf8 31. Rxf8 Bxf8 32. Rf3 Bh6 33. Rd3 Bf8 34. Rf3 Bh6 35. Rd3 1/2-1/2

[Event "Mauricie op"]
[Site "Trois-Rivieres CAN"]
[Date "2009.03.22"]
[Round "5"]
[White "Ramaswamy, Kishor"]
[Black "Caire, Francois"]
[Result "1/2-1/2"]
[WhiteElo "2162"]
[BlackElo "2229"]
[PlyCount "46"]
[GameId "2160767910223137"]
[EventDate "2009.03.20"]
[EventType "swiss"]
[EventRounds "5"]
[EventCountry "CAN"]
[SourceTitle "hb 2009.04"]

1. d4 Nf6 2. Nf3 e6 3. Bg5 Be7 4. Nbd2 d5 5. e3 Nbd7 6. Bd3 c5 7. c3 b6 8. Ne5 Nxe5 9. dxe5 Nd7 10. Bxe7 Qxe7 11. f4 f5 12. Qe2 Bb7 13. a4 a6 14. O-O O-O 15. Nf3 Nb8 16. h3 a5 17. g4 Ba6 18. Kf2 Bxd3 19. Qxd3 Nd7 20. c4 d4 21. g5 Rfd8 22. Rad1 dxe3+ 23. Qxe3 Nf8 1/2-1/2

[Event "Mauricie op"]
[Site "Trois-Rivieres CAN"]
[Date "2009.03.22"]
[Round "5"]
[White "Regan, Kenneth"]
[Black "Gulko, Andrei"]
[Result "1-0"]
[WhiteElo "2405"]
[BlackElo "2075"]
[PlyCount "57"]
[GameId "2160767910223138"]
[EventDate "2009.03.20"]
[EventType "swiss"]
[EventRounds "5"]
[EventCountry "CAN"]
[SourceTitle "EXT 2011"]
[Source "ChessBase"]
[SourceDate "2011.11.26"]
[SourceVersion "1"]
[SourceVersionDate "2011.11.26"]
[SourceQuality "1"]

1. e4 e5 2. Nf3 Nf6 3. Nc3 Nc6 4. Bb5 Nd4 5. Ba4 c6 6. d3 d5 7. Nxe5 Bd6 8. f4 b5 9. Nxc6 Nxc6 10. Bxb5 O-O 11. Bxc6 Bg4 12. Qd2 Rc8 13. Bxd5 Qb6 14. d4 Rxc3 15. bxc3 Nxd5 16. O-O Ne7 17. f5 f6 18. c4 Qc7 19. h3 Bh5 20. c5 Bg3 21. Qd3 Rd8 22. Be3 Be5 23. Rab1 Nc6 24. c3 Qc8 25. Qb5 Bg3 26. Bf4 Bxf4 27. Rxf4 Be8 28. Qb7 Na5 29. Qxa7 1-0

[Event "Mauricie op"]
[Site "Trois-Rivieres CAN"]
[Date "2009.03.22"]
[Round "5"]
[White "Robichaud, Louis"]
[Black "Cournoyer, Dominic"]
[Result "1-0"]
[WhiteElo "2091"]
[BlackElo "1955"]
[PlyCount "71"]
[GameId "2160767910231331"]
[EventDate "2009.03.20"]
[EventType "swiss"]
[EventRounds "5"]
[EventCountry "CAN"]
[SourceTitle "hb 2009.04"]

1. e4 d5 2. exd5 Nf6 3. d4 Nxd5 4. Nf3 Nc6 5. Be2 g6 6. c4 Nf6 7. d5 Nb8 8. Nc3 Bg7 9. O-O c6 10. Be3 O-O 11. Qb3 b6 12. Rfd1 cxd5 13. cxd5 Bb7 14. a4 Nbd7 15. a5 Ng4 16. Bd4 Bxd4 17. Nxd4 Nge5 18. Qa2 Nf6 19. Bf3 a6 20. b4 Ned7 21. Nc6 Qe8 22. Re1 Bxc6 23. dxc6 Nb8 24. c7 Nc6 25. axb6 Nd4 26. b7 Nxf3+ 27. gxf3 Qc6 28. bxa8=Q Rxa8 29. Rxe7 Rf8 30. Rd1 Qxf3 31. Rd8 Qg4+ 32. Kf1 Qh3+ 33. Ke1 Qxc3+ 34. Qd2 Qa1+ 35. Ke2 Qg1 36. c8=Q 1-0

[Event "Mauricie op"]
[Site "Trois-Rivieres CAN"]
[Date "2009.03.22"]
[Round "5"]
[White "Voloaca, Mihnea"]
[Black "Lessard, Claude"]
[Result "0-1"]
[WhiteElo "2346"]
[BlackElo "1927"]
[PlyCount "80"]
[GameId "2160767910231333"]
[EventDate "2009.03.20"]
[EventType "swiss"]
[EventRounds "5"]
[EventCountry "CAN"]
[SourceTitle "hb 2009.04"]

1. d4 Nf6 2. c4 c5 3. e3 g6 4. Nf3 Bg7 5. Nc3 O-O 6. Be2 cxd4 7. exd4 d5 8. h3 dxc4 9. Bxc4 Nbd7 10. O-O a6 11. a4 Qc7 12. Qe2 e6 13. Bg5 b6 14. Rac1 Bb7 15. Ba2 Qd6 16. Rfd1 Rac8 17. Ne5 Rfe8 18. Bf4 Nh5 19. Bh2 Nxe5 20. dxe5 Qc6 21. f3 Bh6 22. Ra1 Nf4 23. Qf2 Red8 24. Ne4 Rxd1+ 25. Rxd1 Qxa4 26. b3 Qa3 27. Qh4 Bxe4 28. Bxf4 Bxf4 29. Rd8+ Rxd8 30. Qxd8+ Qf8 31. Qxf8+ Kxf8 32. fxe4 Bxe5 33. Kf2 Ke7 34. Ke2 Kd6 35. Bb1 Kc5 36. Bd3 b5 37. Kd2 a5 38. Kc2 a4 39. bxa4 bxa4 40. Kb1 a3 0-1

[Event "Mauricie op U1800"]
[Site "Trois-Rivieres CAN"]
[Date "2009.03.20"]
[Round "1"]
[White "Martin, Robert"]
[Black "Cote, Etienne"]
[Result "1-0"]
[WhiteElo "1556"]
[BlackElo "1612"]
[PlyCount "55"]
[GameId "2160767910231334"]
[EventDate "2009.03.20"]
[EventType "swiss"]
[EventRounds "5"]
[EventCountry "CAN"]
[SourceTitle "hb 2016"]

1. e4 e6 2. d4 d5 3. Nd2 Nf6 4. Bd3 c5 5. e5 Nfd7 6. c3 Nc6 7. Ndf3 Be7 8. Ne2 O-O 9. O-O cxd4 10. cxd4 f6 11. exf6 Nxf6 12. a3 Bd6 13. Bg5 Qe8 14. Qc2 Qh5 15. Ng3 Bxg3 16. fxg3 Ng4 17. h4 Bd7 18. b4 a6 19. Rae1 Rac8 20. Qb1 Rce8 21. Bf4 Na7 22. Ng5 Nf6 23. Bd6 h6 24. Be2 hxg5 25. Bxh5 Nxh5 26. Bxf8 Rxf8 27. Rxf8+ Kxf8 28. Rf1+ 1-0

[Event "Mauricie op U1800"]
[Site "Trois-Rivieres CAN"]
[Date "2009.03.20"]
[Round "1"]
[White "Trottier, Emile"]
[Black "Jobin, Gilles"]
[Result "1-0"]
[WhiteElo "1656"]
[BlackElo "1758"]
[PlyCount "48"]
[GameId "2160767910231335"]
[EventDate "2009.03.20"]
[EventType "swiss"]
[EventRounds "5"]
[EventCountry "CAN"]
[SourceTitle "hb 2016"]

1. e4 e5 2. Nf3 Nc6 3. Bb5 d6 4. d4 Bd7 5. Nc3 exd4 6. Nxd4 Nf6 7. O-O Be7 8. Re1 O-O 9. Bg5 h6 10. Bh4 g5 11. Bg3 Nxd4 12. Qxd4 c6 13. Bd3 c5 14. Qe3 Be6 15. Rad1 Ng4 16. Qf3 Nf6 17. e5 Bg4 18. Qe3 Re8 19. exf6 Bxf6 20. Qxe8+ Qxe8 21. Rxe8+ Rxe8 22. f3 Bxc3 23. bxc3 Be6 24. Bxd6 c4 1-0

[Event "Mauricie op U1800"]
[Site "Trois-Rivieres CAN"]
[Date "2009.03.21"]
[Round "2"]
[White "Jobin, Gilles"]
[Black "Pincince, Jacques"]
[Result "1/2-1/2"]
[WhiteElo "1758"]
[BlackElo "1601"]
[PlyCount "52"]
[GameId "2160767910231336"]
[EventDate "2009.03.20"]
[EventType "swiss"]
[EventRounds "5"]
[EventCountry "CAN"]
[SourceTitle "hb 2016"]

1. e4 c5 2. Nf3 d6 3. d4 cxd4 4. Nxd4 Nf6 5. Nc3 a6 6. Be2 b5 7. Be3 e6 8. Bf3 e5 9. Nb3 Bb7 10. Bg5 Nbd7 11. Nd5 Be7 12. Nxe7 Qxe7 13. Qd2 h6 14. Na5 Nc5 15. Bxf6 Qxf6 16. Nxb7 Nxb7 17. Qd5 Qe7 18. a4 b4 19. Qc4 a5 20. Qb5+ Qd7 21. Be2 Qxb5 22. Bxb5+ Ke7 23. O-O Nc5 24. f4 f6 25. fxe5 dxe5 26. Rad1 Rad8 1/2-1/2

[Event "Mauricie op U1800"]
[Site "Trois-Rivieres CAN"]
[Date "2009.03.21"]
[Round "2"]
[White "Thompson, Dan"]
[Black "Martin, Robert"]
[Result "1-0"]
[WhiteElo "1631"]
[BlackElo "1556"]
[PlyCount "77"]
[GameId "2160767910231337"]
[EventDate "2009.03.20"]
[EventType "swiss"]
[EventRounds "5"]
[EventCountry "CAN"]
[SourceTitle "hb 2016"]

1. d4 d5 2. c4 e6 3. Nf3 Nf6 4. Nc3 Be7 5. Bf4 c6 6. e3 O-O 7. Bd3 dxc4 8. Bxc4 Nd5 9. Bg3 Qa5 10. Rc1 Nd7 11. O-O N5b6 12. Bd3 a6 13. e4 c5 14. d5 exd5 15. exd5 c4 16. Bb1 Nf6 17. d6 Bd8 18. Re1 Bg4 19. Qc2 Bxf3 20. gxf3 Qh5 21. Re5 Qg6 22. Qe2 Qh6 23. Rd1 Nbd7 24. Rf5 g6 25. Rf4 b5 26. Nd5 Qg7 27. Rfd4 Nxd5 28. Rxd5 Bf6 29. Re1 Bxb2 30. Qe7 Rfd8 31. Bh4 f6 32. Qe2 g5 33. Qxb2 gxh4+ 34. Kh1 Kf8 35. Re7 Qh6 36. Rxh7 Qf4 37. Rf5 Qxd6 38. Rxd7 Qxd7 39. Qxf6+ 1-0

[Event "Mauricie op U1800"]
[Site "Trois-Rivieres CAN"]
[Date "2009.03.21"]
[Round "3"]
[White "Gagnon, Rusty"]
[Black "Jobin, Gilles"]
[Result "1-0"]
[WhiteElo "1636"]
[BlackElo "1751"]
[PlyCount "63"]
[GameId "2160767910231338"]
[EventDate "2009.03.20"]
[EventType "swiss"]
[EventRounds "5"]
[EventCountry "CAN"]
[SourceTitle "hb 2016"]

1. b4 e5 2. Bb2 d6 3. e3 Be6 4. Nf3 Nd7 5. d4 e4 6. Nfd2 d5 7. a3 Ngf6 8. c4 c6 9. Nc3 Bd6 10. Be2 O-O 11. h3 Rc8 12. g4 a5 13. c5 Be7 14. Qb3 h6 15. Rg1 Nh7 16. b5 Bh4 17. Nd1 Ng5 18. Rg2 Qf6 19. Rh2 Rfe8 20. b6 Nf3+ 21. Nxf3 exf3 22. Bd3 Qg5 23. Bc1 f5 24. e4 Qg6 25. e5 h5 26. Ne3 Nxc5 27. dxc5 d4 28. Bxf5 Bxf2+ 29. Kxf2 dxe3+ 30. Bxe3 Qxf5 31. gxf5 Bxb3 32. Bd4 1-0

[Event "Mauricie op U1800"]
[Site "Trois-Rivieres CAN"]
[Date "2009.03.21"]
[Round "3"]
[White "Martin, Robert"]
[Black "Lafreniere, Patrick"]
[Result "0-1"]
[WhiteElo "1556"]
[BlackElo "1614"]
[PlyCount "44"]
[GameId "2160767910231339"]
[EventDate "2009.03.20"]
[EventType "swiss"]
[EventRounds "5"]
[EventCountry "CAN"]
[SourceTitle "hb 2016"]

1. e4 c5 2. b4 cxb4 3. a3 e5 4. axb4 Bxb4 5. Nf3 Nc6 6. Bb2 d6 7. Bc4 h6 8. O-O Nf6 9. c3 Ba5 10. Qe2 O-O 11. d3 Bb6 12. h3 Be6 13. Nbd2 Bxc4 14. Nxc4 Re8 15. Ne3 Bxe3 16. fxe3 d5 17. exd5 Qxd5 18. c4 Qe6 19. Nd2 Rad8 20. Bc3 Qd6 21. Ne4 Nxe4 22. dxe4 Qd3 0-1

[Event "Mauricie op U1800"]
[Site "Trois-Rivieres CAN"]
[Date "2009.03.22"]
[Round "4"]
[White "Gernier, Jean-Pierre"]
[Black "Martin, Robert"]
[Result "0-1"]
[WhiteElo "1674"]
[BlackElo "1556"]
[PlyCount "66"]
[GameId "2160767910231340"]
[EventDate "2009.03.20"]
[EventType "swiss"]
[EventRounds "5"]
[EventCountry "CAN"]
[SourceTitle "hb 2016"]

1. d4 d5 2. Nf3 Nf6 3. e3 Bf5 4. Bd3 Bxd3 5. Qxd3 c6 6. Nbd2 e6 7. c4 Be7 8. O-O O-O 9. Re1 Nbd7 10. a3 c5 11. b3 Re8 12. Bb2 Qb6 13. e4 dxe4 14. Nxe4 Nxe4 15. Rxe4 Nf6 16. Rh4 Rad8 17. d5 exd5 18. Re1 d4 19. Bc1 Bf8 20. Re5 Rxe5 21. Nxe5 Qe6 22. f4 Bd6 23. Bd2 Bxe5 24. fxe5 Qxe5 25. h3 Re8 26. Kf2 Ne4+ 27. Kg1 Nxd2 28. Qxd2 Qg3 29. Rf4 Qxb3 30. Kh2 Qxc4 31. Qf2 Qe6 32. Qf3 Qe5 33. Kg3 g5 0-1

[Event "Mauricie op U1800"]
[Site "Trois-Rivieres CAN"]
[Date "2009.03.22"]
[Round "4"]
[White "Jobin, Gilles"]
[Black "Boucher, Mario"]
[Result "1-0"]
[WhiteElo "1758"]
[BlackElo "1554"]
[PlyCount "55"]
[GameId "2160767910231341"]
[EventDate "2009.03.20"]
[EventType "swiss"]
[EventRounds "5"]
[EventCountry "CAN"]
[SourceTitle "hb 2016"]

1. e4 c5 2. Nf3 Nc6 3. d4 cxd4 4. Nxd4 g6 5. Nc3 Bg7 6. Be3 a6 7. Be2 e6 8. O-O Nge7 9. Qd2 O-O 10. Rad1 Qe8 11. f4 Nxd4 12. Bxd4 Nc6 13. Bc5 Ne7 14. e5 f6 15. Bd6 f5 16. Qd4 Rf7 17. Bf3 Nc6 18. Qb6 Nd8 19. Na4 Bf8 20. Nc5 Bxd6 21. Rxd6 Kg7 22. Rfd1 Re7 23. Qc7 Nf7 24. Nxb7 Bxb7 25. Bxb7 Rb8 26. Rxd7 Rxd7 27. Rxd7 Rxb7 28. Qxb7 1-0

[Event "Mauricie op U1800"]
[Site "Trois-Rivieres CAN"]
[Date "2009.03.22"]
[Round "5"]
[White "Martin, Robert"]
[Black "Brousseau, Stephane"]
[Result "0-1"]
[WhiteElo "1556"]
[BlackElo "1635"]
[PlyCount "100"]
[GameId "2160767910231342"]
[EventDate "2009.03.20"]
[EventType "swiss"]
[EventRounds "5"]
[EventCountry "CAN"]
[SourceTitle "hb 2016"]

1. d4 d5 2. c4 c6 3. Nf3 Nf6 4. Nc3 e6 5. Bg5 Be7 6. e3 Nbd7 7. Qc2 a6 8. Bd3 dxc4 9. Bxc4 b5 10. Bd3 c5 11. O-O cxd4 12. Nxd4 Bb7 13. Rfd1 Qb6 14. Rac1 Rc8 15. Qd2 O-O 16. Bb1 Rfd8 17. Qe2 Nc5 18. Nf3 h6 19. Rxd8+ Rxd8 20. Bf4 b4 21. Nd1 Be4 22. Bxe4 Nfxe4 23. Nd4 g5 24. f3 gxf4 25. fxe4 Nxe4 26. Nc6 Rxd1+ 27. Rxd1 Qxc6 28. Qg4+ Kh7 29. Qxf4 f5 30. g4 Bg5 31. Qf3 Qc2 32. Rd7+ Kg6 33. gxf5+ exf5 34. h4 Qc1+ 35. Kg2 Bxh4 36. Qe2 Qc6 37. Ra7 Ng5+ 38. e4 Qxe4+ 39. Qxe4 fxe4 40. Rxa6+ Kh5 41. Rb6 Be1 42. Kf1 Bd2 43. a4 bxa3 44. bxa3 Nh3 45. Ke2 e3 46. a4 Nf4+ 47. Kd1 Kg5 48. a5 Bc3 49. Rb1 e2+ 50. Kc2 e1=Q 0-1

[Event "Mauricie op U1800"]
[Site "Trois-Rivieres CAN"]
[Date "2009.03.22"]
[Round "5"]
[White "Morin, Rene"]
[Black "Jobin, Gilles"]
[Result "1-0"]
[WhiteElo "1531"]
[BlackElo "1758"]
[PlyCount "79"]
[GameId "2160767910231343"]
[EventDate "2009.03.20"]
[EventType "swiss"]
[EventRounds "5"]
[EventCountry "CAN"]
[SourceTitle "hb 2016"]

1. d4 Nf6 2. Nf3 d5 3. h3 c5 4. e3 Nc6 5. c3 Qa5 6. Bd3 Bd7 7. Nbd2 c4 8. Bc2 e6 9. Qe2 b5 10. e4 dxe4 11. Nxe4 Nd5 12. O-O Be7 13. Bg5 f6 14. Bh4 Nf4 15. Qe3 g5 16. Bg3 Nd5 17. Qe2 O-O 18. Nd6 Bxd6 19. Bxd6 Rf7 20. Bg3 Re8 21. Rfe1 Nf4 22. Qd1 b4 23. Bxf4 gxf4 24. Qd2 bxc3 25. bxc3 e5 26. Rad1 Kh8 27. a4 Rg7 28. Kh1 Reg8 29. Rg1 Bc8 30. d5 Nd8 31. Nh4 Rg5 32. Nf3 Rh5 33. Kh2 Nf7 34. h4 Ng5 35. Nxg5 fxg5 36. g3 Bg4 37. Rde1 gxh4 38. gxf4 Qc5 39. fxe5 Rf8 40. Re3 1-0

[Event "Mauricie op U2000"]
[Site "Trois-Rivieres CAN"]
[Date "2009.03.20"]
[Round "1"]
[White "Lalumiere, Claude"]
[Black "Desjardins, Michel"]
[Result "1/2-1/2"]
[WhiteElo "1848"]
[BlackElo "1959"]
[PlyCount "45"]
[GameId "2160767910231344"]
[EventDate "2009.03.20"]
[EventType "swiss"]
[EventRounds "5"]
[EventCountry "CAN"]

1. e4 d5 2. exd5 Qxd5 3. Nc3 Qd6 4. d4 Nf6 5. Be2 Bf5 6. Nf3 a6 7. h3 Nc6 8. a3 O-O-O 9. Be3 e5 10. dxe5 Nxe5 11. Nd4 Bg6 12. Qc1 Nd5 13. Nxd5 Qxd5 14. Nf3 Bd6 15. O-O Rhe8 16. Rd1 Qe4 17. c3 Nxf3+ 18. Bxf3 Qe5 19. g3 Bc5 20. Bf4 Qe6 21. Rxd8+ Rxd8 22. Qf1 Qb3 23. Qd1 1/2-1/2

[Event "Mike Shpan mem"]
[Site "Winnipeg CAN"]
[Date "2009.11.03"]
[Round "1"]
[White "Campbell, Gary"]
[Black "Babb, Jeff"]
[Result "0-1"]
[WhiteElo "1664"]
[BlackElo "2046"]
[PlyCount "40"]
[GameId "2160767910096255"]
[EventDate "2009.11.03"]
[EventType "swiss"]
[EventRounds "6"]
[EventCountry "CAN"]
[SourceTitle "EXT 2011"]
[Source "ChessBase"]
[SourceDate "2011.11.26"]
[SourceVersion "1"]
[SourceVersionDate "2011.11.26"]
[SourceQuality "1"]

1. d4 Nf6 2. c4 e6 3. Nc3 Bb4 4. e3 b6 5. Be2 Bb7 6. Bf3 Ne4 7. Qc2 f5 8. Bd2 Bxc3 9. Bxc3 O-O 10. Ne2 Qc8 11. Ng3 Nxc3 12. Bxb7 Qxb7 13. bxc3 Qxg2 14. O-O-O Nc6 15. Qe2 Qh3 16. d5 Ne5 17. f4 Ng4 18. dxe6 dxe6 19. e4 fxe4 20. Qxe4 Nf2 0-1

[Event "Mike Shpan mem"]
[Site "Winnipeg CAN"]
[Date "2009.11.03"]
[Round "1"]
[White "Einarsson, Ken"]
[Black "Zaczek, Jonathon"]
[Result "0-1"]
[WhiteElo "1752"]
[BlackElo "2113"]
[PlyCount "40"]
[GameId "2160767910096256"]
[EventDate "2009.11.03"]
[EventType "swiss"]
[EventRounds "6"]
[EventCountry "CAN"]
[SourceTitle "EXT 2011"]
[Source "ChessBase"]
[SourceDate "2011.11.26"]
[SourceVersion "1"]
[SourceVersionDate "2011.11.26"]
[SourceQuality "1"]

1. d4 Nf6 2. c4 g6 3. Nc3 d5 4. Nf3 Bg7 5. e3 O-O 6. Be2 c5 7. O-O cxd4 8. Nxd4 dxc4 9. Bxc4 Bd7 10. Qb3 Qc8 11. Rd1 Nc6 12. Ncb5 Na5 13. Bxf7+ Rxf7 14. Qb4 Nc6 15. Qb3 a6 16. Nxc6 Bxc6 17. Nd4 Bd5 18. Qb6 Bxg2 19. Ne6 Nd5 20. Rxd5 Bxd5 0-1

[Event "Mike Shpan mem"]
[Site "Winnipeg CAN"]
[Date "2009.11.03"]
[Round "1"]
[White "Kernetsky, Myron"]
[Black "Evans, Brian"]
[Result "1-0"]
[WhiteElo "1973"]
[BlackElo "1632"]
[PlyCount "99"]
[GameId "2160767910096257"]
[EventDate "2009.11.03"]
[EventType "swiss"]
[EventRounds "6"]
[EventCountry "CAN"]

1. d4 d5 2. Nf3 Nf6 3. c4 e6 4. Nc3 c6 5. e3 Bb4 6. Bd3 dxc4 7. Bxc4 Ne4 8. Bd2 Nxd2 9. Qxd2 Nd7 10. O-O b5 11. Be2 Qa5 12. Qc2 Bxc3 13. bxc3 O-O 14. Rfc1 Nb6 15. Ng5 g6 16. Ne4 Rd8 17. Nc5 Nd7 18. Ne4 Nb6 19. Bf3 Bb7 20. Nc5 Rab8 21. Qb3 Rdc8 22. Rab1 Rc7 23. h4 Nc4 24. Rd1 Qa3 25. Qc2 Qa5 26. Rb4 Qb6 27. Be2 Nd6 28. h5 a5 29. Rb3 Ba6 30. hxg6 fxg6 31. Nxe6 Re7 32. Nc5 Rbe8 33. Bd3 Nb7 34. Ne4 Kg7 35. f3 Qc7 36. Qf2 Nd6 37. Qg3 Nxe4 38. Qxc7 Rxc7 39. Bxe4 Rd8 40. Rb2 c5 41. Kf2 b4 42. cxb4 cxb4 43. Rdd2 Rdc8 44. d5 Rd7 45. Rd4 Rcd8 46. Rbd2 Bb7 47. f4 Kf6 48. Bf3 g5 49. g3 h6 50. e4 1-0

[Event "Mike Shpan mem"]
[Site "Winnipeg CAN"]
[Date "2009.11.03"]
[Round "1"]
[White "Lauritson, Jim"]
[Black "Keer, Keer"]
[Result "1-0"]
[WhiteElo "1906"]
[BlackElo "1474"]
[PlyCount "59"]
[GameId "2160767910096258"]
[EventDate "2009.11.03"]
[EventType "swiss"]
[EventRounds "6"]
[EventCountry "CAN"]

1. d4 d5 2. c4 e6 3. Nc3 Nf6 4. cxd5 Nxd5 5. e4 Nxc3 6. bxc3 Be7 7. Qg4 g6 8. e5 Qd5 9. Nf3 Nc6 10. Bd3 Bd7 11. Bd2 Na5 12. O-O Nc4 13. Bg5 h5 14. Qh4 Bxg5 15. Qxg5 Rf8 16. Rab1 a6 17. Rb4 b5 18. Re1 Bc6 19. Bxc4 bxc4 20. Nd2 h4 21. Ne4 f6 22. Qxg6+ Kd8 23. Qg7 Ke8 24. Nxf6+ Rxf6 25. exf6 Qxg2+ 26. Qxg2 Bxg2 27. Kxg2 Kf7 28. Rxc4 Ra7 29. Rc6 Kxf6 30. Rexe6+ 1-0